[Event "Fredericia Chess IM 2026"]
[Site "Fredericia"]
[Date "2026.05.15"]
[Round "5.2"]
[White "Easwaralingam, Adesh"]
[Black "Loftgaard, Mikkel Vinh"]
[Result "1/2-1/2"]
[WhiteElo "2233"]
[BlackElo "2242"]
[WhiteFideId "1448552"]
[BlackFideId "1468480"]
[EventDate "2026.05.13"]
[EventType "tourn"]
[EventRounds "9"]
[EventCountry "DEN"]
[SourceTitle "Live v. Fredericia Chess Club"]

1. e4 d6 2. d4 Nf6 3. Nc3 e5 4. Nf3 Nbd7 5. Bc4 Be7 6. O-O O-O 7. a4 a5 8. h3 h6 9. Re1 c6 10. Ba2 Re8 11. d5 cxd5 12. Nxd5 Nc5 13. Nxf6+ Bxf6 14. Bd5 Ne6 15. Be3 Qe7 16. Qd2 Nc7 17. Bb3 Be6 18. Red1 Ra6 19. Rac1 Rd8 20. Bxe6 fxe6 21. Qc3 b5 22. axb5 Nxb5 23. Qd3 Nc7 24. c4 Raa8 25. Qa3 Ra6 26. Rc2 Qf7 27. Rdc1 Qg6 28. Qd3 a4 29. Nd2 Rda8 30. Qa3 Be7 31. f3 Qf7 32. Nb1 d5 33. Bc5 Bg5 34. Be3 Be7 1/2-1/2

[Event "Fredericia Chess IM 2026"]
[Site "Fredericia"]
[Date "2026.05.15"]
[Round "5.3"]
[White "Falkesgaard, Jeppe Hald"]
[Black "Kopylov, Michael"]
[Result "0-1"]
[WhiteElo "2344"]
[BlackElo "2329"]
[WhiteFideId "1464981"]
[BlackFideId "14105080"]
[EventDate "2026.05.13"]
[EventType "tourn"]
[EventRounds "9"]
[EventCountry "DEN"]
[SourceTitle "Live v. Fredericia Chess Club"]

1. d4 Nf6 2. c4 e5 3. dxe5 Ng4 4. e4 Nxe5 5. Be3 Bb4+ 6. Nc3 d6 7. Be2 Nbc6 8. f4 Ng4 9. Bxg4 Qh4+ 10. g3 Qxg4 11. Qxg4 Bxg4 12. Bd2 O-O-O 13. h3 Be6 14. Nd5 Bc5 15. O-O-O Rhe8 16. Bc3 f6 17. Nf3 Bf7 18. Nd2 Nd4 19. b4 Ne2+ 20. Kc2 Bxd5 21. cxd5 Bb6 22. Rh2 Nxg3 23. Rg2 Nxe4 24. Nxe4 Rxe4 25. Rxg7 Rxf4 26. Re1 Rf2+ 27. Kb3 Rf3 28. Kc4 a5 29. Rxh7 axb4 30. Bxb4 Rf4+ 31. Kb3 Rg8 32. h4 Kb8 33. h5 Rg3+ 34. Ka4 Bc5 35. Re8+ Ka7 36. a3 Ka6 37. Ra8+ Ba7 38. Rxa7+ Kxa7 0-1

[Event "Fredericia Chess IM 2026"]
[Site "Fredericia"]
[Date "2026.05.15"]
[Round "5.4"]
[White "Kistrup, Nicolai"]
[Black "Boudry, William"]
[Result "1/2-1/2"]
[WhiteElo "2380"]
[BlackElo "2259"]
[WhiteFideId "1444816"]
[BlackFideId "234990"]
[EventDate "2026.05.13"]
[EventType "tourn"]
[EventRounds "9"]
[EventCountry "DEN"]
[SourceTitle "Live v. Fredericia Chess Club"]

1. d4 d5 2. Nf3 c5 3. c4 cxd4 4. cxd5 Nf6 5. Qxd4 Qd7 6. d6 Qxd6 7. Nc3 Qxd4 8. Nxd4 e5 9. Ndb5 Na6 10. Bg5 Bd7 11. e3 Bb4 12. Bxf6 gxf6 13. O-O-O Bxc3 14. Nxc3 Nc7 15. Bc4 Be6 16. Bxe6 fxe6 17. f4 exf4 18. exf4 Rd8 19. Rxd8+ Kxd8 20. Kd2 Ke7 21. Ke3 Nd5+ 22. Nxd5+ exd5 23. Re1 Kd6 24. Kd3 h5 25. f5 Rg8 26. g3 h4 27. gxh4 Rh8 28. b4 Rxh4 29. Re6+ Kd7 30. a3 Rxh2 31. Rxf6 Rh4 32. Rg6 1/2-1/2

[Event "Fredericia Chess IM 2026"]
[Site "Fredericia"]
[Date "2026.05.15"]
[Round "5.5"]
[White "Nilssen, Ellen Fredericia"]
[Black "Maerevoet, Sim"]
[Result "0-1"]
[WhiteElo "2153"]
[BlackElo "2456"]
[WhiteFideId "1441230"]
[BlackFideId "241725"]
[EventDate "2026.05.13"]
[EventType "tourn"]
[EventRounds "9"]
[EventCountry "DEN"]
[SourceTitle "Live v. Fredericia Chess Club"]

1. d4 d5 2. c4 e6 3. Nc3 Be7 4. cxd5 exd5 5. Bf4 Nf6 6. e3 Bf5 7. Nge2 O-O 8. Ng3 Be6 9. Bd3 c5 10. dxc5 Bxc5 11. O-O Nc6 12. Rc1 d4 13. Nce4 Be7 14. Nf5 Bxf5 15. Nxf6+ Bxf6 16. Bxf5 Qa5 17. Bb1 Rad8 18. exd4 Bxd4 19. Qb3 Bb6 20. Be3 Nd4 21. Bxd4 Rxd4 22. Rcd1 Rfd8 23. Rxd4 Rxd4 24. Qc2 g6 25. Qc8+ Kg7 26. Qxb7 Rf4 27. Qe7 Qd2 28. Qe5+ Kh6 29. Qc3 Rxf2 30. Qxd2+ Rxd2+ 31. Kh1 Rxb2 32. Bd3 Rxa2 33. Rxf7 a5 34. h4 a4 35. h5 Rd2 36. hxg6 Rxd3 37. g7 Rd8 38. g8=N+ Rxg8 39. Rf6+ Rg6 0-1

[Event "Fredericia Chess IM 2026"]
[Site "Fredericia"]
[Date "2026.05.16"]
[Round "6.1"]
[White "Haarh, Simon Bjork"]
[Black "Kistrup, Nicolai"]
[Result "0-1"]
[WhiteElo "2217"]
[BlackElo "2380"]
[WhiteFideId "1470515"]
[BlackFideId "1444816"]
[EventDate "2026.05.13"]
[EventType "tourn"]
[EventRounds "9"]
[EventCountry "DEN"]
[SourceTitle "Live v. Fredericia Chess Club"]

1. Nf3 Nf6 2. b3 c5 3. Bb2 Nc6 4. e3 g6 5. Bxf6 exf6 6. c4 d5 7. cxd5 Qxd5 8. Nc3 Qd8 9. Bb5 Bd7 10. O-O a6 11. Bxc6 Bxc6 12. d4 Bd6 13. d5 Bd7 14. h3 O-O 15. Rc1 Re8 16. Re1 b5 17. Qd3 f5 18. a4 Rb8 19. Re2 Qf6 20. Nd2 h5 21. Ree1 Kg7 22. axb5 axb5 23. e4 b4 24. Ne2 Bb5 25. Qf3 Qb2 26. Rcd1 fxe4 27. Nxe4 Rxe4 28. Qxe4 Re8 29. Rb1 Qd2 30. Qh4 Rxe2 31. Red1 Qc3 32. g3 Qf3 0-1

[Event "Fredericia Chess IM 2026"]
[Site "Fredericia"]
[Date "2026.05.16"]
[Round "6.2"]
[White "Loftgaard, Mikkel Vinh"]
[Black "Holinka, Henning"]
[Result "1-0"]
[WhiteElo "2242"]
[BlackElo "2355"]
[WhiteFideId "1468480"]
[BlackFideId "12967084"]
[EventDate "2026.05.13"]
[EventType "tourn"]
[EventRounds "9"]
[EventCountry "DEN"]
[SourceTitle "Live v. Fredericia Chess Club"]

1. e4 c5 2. Nf3 d6 3. d4 cxd4 4. Nxd4 Nf6 5. Nc3 a6 6. f4 e5 7. Nf3 Nbd7 8. a4 Qc7 9. Bd3 Be7 10. O-O O-O 11. Bd2 Nc5 12. b4 Nxd3 13. cxd3 exf4 14. Rc1 Qb6+ 15. Kh1 Bg4 16. a5 Qd8 17. h3 Bh5 18. Bxf4 d5 19. e5 Ne8 20. Qb3 Nc7 21. Bh2 Rc8 22. Nd4 Bg5 23. Ra1 Bg6 24. Na4 Be3 25. Bg1 Qg5 26. Nf3 Qh6 27. Rae1 Bxg1 28. Kxg1 Ne6 29. Nb6 Rcd8 30. Nxd5 Bh5 31. Qc4 Bxf3 32. Rxf3 Rd7 33. Ref1 Rfd8 34. Ne3 Rc7 35. Nf5 Qg5 36. Qe4 g6 37. Nd6 f5 38. Qd5 Qe7 39. g4 Rc2 40. R3f2 Rxf2 41. Rxf2 f4 42. Rxf4 Kg7 43. Rf1 Rd7 44. Qg2 Qg5 45. Qg3 Qd2 46. Ne8+ Kh8 47. Qf3 h5 48. Qf6+ Rg7 49. Qxe6 Qe3+ 50. Kg2 h4 51. Rf8+ Kh7 52. Nf6+ Kh6 53. Rh8+ Kg5 54. Ne4+ Kf4 55. Qf6# 1-0

[Event "Fredericia Chess IM 2026"]
[Site "Fredericia"]
[Date "2026.05.16"]
[Round "6.3"]
[White "Falkesgaard, Jeppe Hald"]
[Black "Easwaralingam, Adesh"]
[Result "1/2-1/2"]
[WhiteElo "2344"]
[BlackElo "2233"]
[WhiteFideId "1464981"]
[BlackFideId "1448552"]
[EventDate "2026.05.13"]
[EventType "tourn"]
[EventRounds "9"]
[EventCountry "DEN"]
[SourceTitle "Live v. Fredericia Chess Club"]

1. d4 Nf6 2. c4 e6 3. Nc3 Bb4 4. a3 Bxc3+ 5. bxc3 d5 6. e3 O-O 7. cxd5 exd5 8. Bd3 c5 9. Ne2 Re8 10. O-O Nc6 11. f3 Rb8 12. a4 a6 13. Rb1 Qe7 14. Ng3 c4 15. Bc2 b5 16. axb5 axb5 17. e4 Rd8 18. e5 Ne8 19. f4 b4 20. cxb4 Qa7 21. Be3 Nxb4 22. f5 Bd7 23. Ra1 Qb6 24. Rb1 Qa7 25. Ra1 Qb6 26. Rb1 Qa7 27. Ra1 Qb6 1/2-1/2

[Event "Fredericia Chess IM 2026"]
[Site "Fredericia"]
[Date "2026.05.16"]
[Round "6.4"]
[White "Kopylov, Michael"]
[Black "Maerevoet, Sim"]
[Result "1/2-1/2"]
[WhiteElo "2329"]
[BlackElo "2456"]
[WhiteFideId "14105080"]
[BlackFideId "241725"]
[EventDate "2026.05.13"]
[EventType "tourn"]
[EventRounds "9"]
[EventCountry "DEN"]
[SourceTitle "Live v. Fredericia Chess Club"]

1. Nf3 d5 2. c4 d4 3. g3 Nc6 4. Bg2 e5 5. d3 Bc5 6. O-O Nge7 7. e3 Bg4 8. h3 Bh5 9. exd4 Nxd4 10. Nc3 O-O 11. g4 Nxf3+ 12. Bxf3 Bg6 13. Bxb7 Rb8 14. Be4 f5 15. gxf5 Nxf5 16. Qg4 Qe8 17. Rb1 Bh5 18. Qg2 Nh4 19. Qg3 Nf5 20. Qg2 Nh4 21. Qg3 Nf5 1/2-1/2

[Event "Fredericia Chess IM 2026"]
[Site "Fredericia"]
[Date "2026.05.16"]
[Round "6.5"]
[White "Boudry, William"]
[Black "Nilssen, Ellen Fredericia"]
[Result "1-0"]
[WhiteElo "2259"]
[BlackElo "2153"]
[WhiteFideId "234990"]
[BlackFideId "1441230"]
[EventDate "2026.05.13"]
[EventType "tourn"]
[EventRounds "9"]
[EventCountry "DEN"]
[SourceTitle "Live v. Fredericia Chess Club"]

1. e4 e6 2. d3 d5 3. Nd2 c5 4. Ngf3 Nf6 5. g3 Nc6 6. Bg2 dxe4 7. dxe4 e5 8. O-O Qc7 9. c3 Be7 10. Qe2 O-O 11. Nh4 Re8 12. Nc4 Be6 13. Bg5 Rad8 14. Nf5 h6 15. Bxf6 Bxf6 16. Nce3 Bxf5 17. exf5 Qc8 18. Qb5 Be7 19. Bxc6 bxc6 20. Qa4 Qb7 21. b3 Bg5 22. Rad1 Bxe3 23. fxe3 Rxd1 24. Rxd1 Qc8 25. f6 Rd8 26. Rf1 Qh3 27. Qh4 Qxh4 28. gxh4 Rd3 29. Kf2 Rxc3 30. Rg1 Rc2+ 31. Kf3 g6 32. Rd1 g5 33. hxg5 Rxh2 34. g6 fxg6 35. Rd7 a5 36. Ke4 Rh5 37. Ra7 Kf8 38. Rxa5 c4 39. bxc4 Rh4+ 40. Kd3 Kf7 41. Rxe5 Rh2 42. Rc5 Rxa2 43. Rxc6 Rf2 44. c5 Rxf6 45. Rb6 Rf1 46. Kd4 h5 47. Ke5 h4 48. Rb7+ Ke8 49. Rh7 Rc1 50. Kd6 Rd1+ 51. Ke6 Kd8 52. Rxh4 Kc7 53. Rg4 Re1 54. e4 Kc6 55. e5 Kxc5 56. Rxg6 Ra1 57. Rg2 Ra6+ 58. Kf5 Ra1 59. Rd2 Kc6 60. Kf6 Rh1 61. e6 Rf1+ 62. Ke7 Re1 63. Kf7 Rf1+ 64. Ke8 Re1 65. e7 Rh1 66. Rc2+ Kd6 67. Kd8 1-0

[Event "Fredericia Chess IM 2026"]
[Site "Fredericia"]
[Date "2026.05.16"]
[Round "7.1"]
[White "Kistrup, Nicolai"]
[Black "Loftgaard, Mikkel Vinh"]
[Result "1-0"]
[WhiteElo "2380"]
[BlackElo "2242"]
[WhiteFideId "1444816"]
[BlackFideId "1468480"]
[EventDate "2026.05.13"]
[EventType "tourn"]
[EventRounds "9"]
[EventCountry "DEN"]
[SourceTitle "Live v. Fredericia Chess Club"]

1. d4 d5 2. c4 e6 3. Nf3 Nf6 4. g3 Bb4+ 5. Bd2 Bd6 6. Bg2 O-O 7. Qc2 Nc6 8. O-O dxc4 9. Qxc4 e5 10. dxe5 Nxe5 11. Nxe5 Bxe5 12. Bc3 Bxc3 13. Nxc3 Qe7 14. Rad1 Be6 15. Qf4 c6 16. Rd2 Rfd8 17. Rfd1 Rxd2 18. Qxd2 Qd7 19. Qf4 Qe7 20. Qd2 Qd7 21. Qf4 Qe7 22. Qd4 Qd7 23. Qe5 Qe7 24. Qd4 Qd7 25. Qe5 Qe7 26. Qa5 Ne8 27. b3 h6 28. e3 Qc7 29. Qc5 Qb6 30. Qe7 Qc7 31. Qc5 Qb6 32. Qe7 Qc7 33. Qxc7 Nxc7 34. Ne4 Bd5 35. Nc3 Bxg2 36. Kxg2 Kf8 37. Rd7 Rc8 38. Ne4 Ke8 39. Rd2 Rb8 40. Nd6+ Kf8 41. Nxf7 Ke7 42. Ne5 Ke6 43. Nd7 1-0

[Event "Fredericia Chess IM 2026"]
[Site "Fredericia"]
[Date "2026.05.16"]
[Round "7.2"]
[White "Holinka, Henning"]
[Black "Falkesgaard, Jeppe Hald"]
[Result "1-0"]
[WhiteElo "2355"]
[BlackElo "2344"]
[WhiteFideId "12967084"]
[BlackFideId "1464981"]
[EventDate "2026.05.13"]
[EventType "tourn"]
[EventRounds "9"]
[EventCountry "DEN"]
[SourceTitle "Live v. Fredericia Chess Club"]

1. e4 c5 2. Nf3 Nc6 3. d4 cxd4 4. Nxd4 e5 5. Nb5 d6 6. N1c3 a6 7. Na3 Be7 8. Nc4 b5 9. Ne3 Nf6 10. Bd3 Nb4 11. Be2 Be6 12. a3 Nc6 13. O-O O-O 14. Bd3 Nd7 15. a4 b4 16. Ncd5 Bg5 17. g3 Bh6 18. Bd2 Nc5 19. f4 exf4 20. gxf4 f5 21. exf5 Bxd5 22. Nxd5 Nxd3 23. cxd3 Rxf5 24. Qg4 g6 25. Rac1 Rc8 26. Bxb4 Bxf4 27. Kh1 Bxc1 28. Rxf5 Nxb4 29. Nxb4 Bxb2 30. Rf1 Be5 31. d4 Bg7 32. Nxa6 Qe8 33. d5 Ra8 34. Rc1 Bh6 35. Rc2 Qe1+ 36. Kg2 Rxa6 37. Re2 Qc3 38. Qe6+ Kg7 39. Qe7+ Kg8 40. Qe6+ Kg7 41. Qe7+ Kg8 42. Qe8+ Kg7 43. Re7+ Kf6 44. Qh8+ Kxe7 45. Qxc3 Kf7 46. Qc8 Ra7 47. Qe6+ Kg7 48. Qxd6 Bg5 49. a5 Rf7 50. a6 Bf6 51. Qc5 1-0

[Event "Fredericia Chess IM 2026"]
[Site "Fredericia"]
[Date "2026.05.16"]
[Round "7.3"]
[White "Easwaralingam, Adesh"]
[Black "Kopylov, Michael"]
[Result "1/2-1/2"]
[WhiteElo "2233"]
[BlackElo "2329"]
[WhiteFideId "1448552"]
[BlackFideId "14105080"]
[EventDate "2026.05.13"]
[EventType "tourn"]
[EventRounds "9"]
[EventCountry "DEN"]
[SourceTitle "Live v. Fredericia Chess Club"]

1. e4 e5 2. Nf3 d6 3. d4 exd4 4. Nxd4 Nf6 5. Nc3 Be7 6. g3 O-O 7. Bg2 Re8 8. O-O Bf8 9. Bg5 Nbd7 10. Nf5 h6 11. Be3 Nc5 12. Bxc5 dxc5 13. Ne3 c6 14. Qe2 b5 15. e5 Rxe5 16. Bxc6 Rb8 17. Qf3 a6 18. Rfd1 Qe7 19. a4 b4 20. Ncd5 Nxd5 21. Rxd5 Re6 22. Rd2 c4 23. Bd5 Rf6 24. Qe2 c3 25. bxc3 bxc3 26. Rd4 Rb4 27. Rc4 Bh3 28. Qh5 Bd7 29. Qh4 Rfb6 30. Qd4 Bh3 31. Rd1 Rb1 32. Rxc3 Qb4 33. Qxb4 Rxd1+ 34. Nxd1 Rxb4 35. Bb3 Rd4 36. Rd3 Re4 37. Re3 Rd4 38. Rd3 Re4 39. Ne3 Bc5 40. Rd8+ Kh7 41. Rd3 f5 42. Rc3 Bd4 43. Rd3 1/2-1/2

[Event "Fredericia Chess IM 2026"]
[Site "Fredericia"]
[Date "2026.05.16"]
[Round "7.4"]
[White "Maerevoet, Sim"]
[Black "Boudry, William"]
[Result "1-0"]
[WhiteElo "2456"]
[BlackElo "2259"]
[WhiteFideId "241725"]
[BlackFideId "234990"]
[EventDate "2026.05.13"]
[EventType "tourn"]
[EventRounds "9"]
[EventCountry "DEN"]
[SourceTitle "Live v. Fredericia Chess Club"]

1. d4 Nf6 2. c4 g6 3. g3 Bg7 4. Bg2 O-O 5. Nc3 d6 6. Nf3 c5 7. dxc5 dxc5 8. Ne5 Qxd1+ 9. Nxd1 Nfd7 10. Nd3 Nc6 11. Bxc6 bxc6 12. Bd2 Ne5 13. Nxe5 Bxe5 14. Bc3 Bg7 15. Bxg7 Kxg7 16. Nc3 Rd8 17. b3 Bf5 18. f3 Rd6 19. g4 Be6 20. Ne4 Rd4 21. Nxc5 Rad8 22. Kf2 Rd2 23. h3 Rc2 24. Rhc1 Rb2 25. Na4 Rbd2 26. Nc3 a5 27. Rd1 h5 28. Rxd2 Rxd2 29. Ke3 Rd8 30. Rd1 Ra8 31. gxh5 gxh5 32. h4 a4 33. Nxa4 Bxc4 34. Nb6 Bxb3 35. Rg1+ 1-0

[Event "Fredericia Chess IM 2026"]
[Site "Fredericia"]
[Date "2026.05.16"]
[Round "7.5"]
[White "Nilssen, Ellen Fredericia"]
[Black "Haarh, Simon Bjork"]
[Result "0-1"]
[WhiteElo "2153"]
[BlackElo "2217"]
[WhiteFideId "1441230"]
[BlackFideId "1470515"]
[EventDate "2026.05.13"]
[EventType "tourn"]
[EventRounds "9"]
[EventCountry "DEN"]
[SourceTitle "Live v. Fredericia Chess Club"]

1. e4 d6 2. d4 g6 3. Nc3 Bg7 4. Be3 Nf6 5. Be2 O-O 6. g4 c5 7. g5 Nfd7 8. Nf3 e6 9. Qd2 Nc6 10. h4 a6 11. Rd1 Re8 12. dxc5 dxc5 13. Na4 Qe7 14. Bf4 e5 15. Be3 Nd4 16. c3 b5 17. cxd4 exd4 18. Nxc5 dxe3 19. Qd5 exf2+ 20. Kf1 Nxc5 21. Qxa8 Bh3+ 0-1

[Event "Fredericia Chess IM 2026"]
[Site "Fredericia"]
[Date "2026.05.17"]
[Round "8.1"]
[White "Haarh, Simon Bjork"]
[Black "Maerevoet, Sim"]
[Result "0-1"]
[WhiteElo "2217"]
[BlackElo "2456"]
[WhiteFideId "1470515"]
[BlackFideId "241725"]
[EventDate "2026.05.13"]
[EventType "tourn"]
[EventRounds "9"]
[EventCountry "DEN"]
[SourceTitle "Live v. Fredericia Chess Club"]

1. e4 c5 2. Nf3 e6 3. d4 cxd4 4. Nxd4 Nf6 5. Nc3 Nc6 6. Nxc6 bxc6 7. e5 Nd5 8. Ne4 Qc7 9. f4 Rb8 10. c4 Bb4+ 11. Kf2 f5 12. exf6 Nxf6 13. Nxf6+ gxf6 14. Bd3 Bc5+ 15. Kf1 d5 16. b3 O-O 17. Qh5 e5 18. Rb1 e4 19. Bxe4 Ba6 20. Bf5 Rfe8 21. g3 dxc4 22. Kg2 c3 23. b4 Bd4 24. Ba3 Be2 25. g4 Re7 26. Qh6 Qd6 27. Rhf1 Qd5+ 28. Kg3 Bxf1 29. Rxf1 Qxa2 30. Bc1 Qe2 0-1

[Event "Fredericia Chess IM 2026"]
[Site "Fredericia"]
[Date "2026.05.17"]
[Round "8.2"]
[White "Falkesgaard, Jeppe Hald"]
[Black "Kistrup, Nicolai"]
[Result "0-1"]
[WhiteElo "2344"]
[BlackElo "2380"]
[WhiteFideId "1464981"]
[BlackFideId "1444816"]
[EventDate "2026.05.13"]
[EventType "tourn"]
[EventRounds "9"]
[EventCountry "DEN"]
[SourceTitle "Live v. Fredericia Chess Club"]

1. c4 e5 2. Nc3 Nf6 3. Nf3 Nc6 4. g3 d5 5. cxd5 Nxd5 6. Bg2 Nb6 7. O-O Be7 8. a3 O-O 9. d3 Be6 10. Nd2 a5 11. b3 Qd7 12. Bb2 Bh3 13. Bxh3 Qxh3 14. Nc4 Rad8 15. Rc1 Nxc4 16. bxc4 Rd6 17. e3 Rh6 18. Re1 f5 19. Qf3 Qxh2+ 20. Kf1 f4 21. exf4 exf4 22. gxf4 Rxf4 23. Qd5+ Kf8 24. Ne4 Rd6 0-1

[Event "Fredericia Chess IM 2026"]
[Site "Fredericia"]
[Date "2026.05.17"]
[Round "8.3"]
[White "Easwaralingam, Adesh"]
[Black "Holinka, Henning"]
[Result "0-1"]
[WhiteElo "2233"]
[BlackElo "2355"]
[WhiteFideId "1448552"]
[BlackFideId "12967084"]
[EventDate "2026.05.13"]
[EventType "tourn"]
[EventRounds "9"]
[EventCountry "DEN"]
[SourceTitle "Live v. Fredericia Chess Club"]

1. e4 g6 2. d4 Bg7 3. Nf3 d6 4. Bc4 Nf6 5. Nc3 Nxe4 6. Nxe4 d5 7. Bd3 dxe4 8. Bxe4 O-O 9. c3 Nd7 10. Bc2 c5 11. O-O cxd4 12. Nxd4 a6 13. Bg5 h6 14. Bh4 Re8 15. Re1 Nf8 16. Ba4 Bd7 17. Bb3 Bf6 18. Qf3 Qb6 19. h3 Nh7 20. Bg3 Rad8 21. Qe4 Kg7 22. Be5 Ng5 23. Bxf6+ Qxf6 24. Qe5 Qxe5 25. Rxe5 f6 26. Ree1 e5 27. Nc2 Ne6 28. Rad1 Nf4 29. Ne3 Bc6 30. Bc4 f5 31. Bf1 Kf6 32. g3 Ne6 33. Rxd8 Rxd8 34. Rd1 Rxd1 35. Nxd1 Nc5 36. Bg2 e4 37. Kf1 g5 38. Ke1 Nd3+ 39. Kd2 Nxf2 40. Nxf2 e3+ 41. Kxe3 Bxg2 42. Kd4 h5 43. c4 h4 44. gxh4 gxh4 45. b4 f4 46. Ne4+ Kf5 47. Nd6+ Kg6 48. Ke5 f3 49. Ne4 Bxh3 50. Kf4 Bg2 51. Kg4 h3 52. Kg3 Kf5 53. Nd2 Ke5 54. b5 axb5 55. cxb5 Kd4 56. a4 Ke3 57. Nxf3 Bxf3 58. b6 Be2 59. Kxh3 Kd4 60. Kg3 Kc5 0-1

[Event "Fredericia Chess IM 2026"]
[Site "Fredericia"]
[Date "2026.05.17"]
[Round "8.4"]
[White "Kopylov, Michael"]
[Black "Boudry, William"]
[Result "1-0"]
[WhiteElo "2329"]
[BlackElo "2259"]
[WhiteFideId "14105080"]
[BlackFideId "234990"]
[EventDate "2026.05.13"]
[EventType "tourn"]
[EventRounds "9"]
[EventCountry "DEN"]
[SourceTitle "Live v. Fredericia Chess Club"]

1. d4 d5 2. c4 e5 3. Nf3 e4 4. Nfd2 c6 5. Nc3 Nf6 6. cxd5 cxd5 7. Nb3 Bb4 8. Bg5 h6 9. Bh4 g5 10. Bg3 e3 11. f3 Nc6 12. Qd3 Qe7 13. O-O-O Bxc3 14. bxc3 Bd7 15. h4 Nh5 16. Be1 Rc8 17. hxg5 Nb4 18. Qb1 Ng3 19. Rxh6 Rf8 20. Nc5 Nxf1 21. Qxb4 Qxg5 22. Nxd7 Qxh6 23. Qxf8+ Qxf8 24. Nxf8 Kxf8 25. Kc2 Rc6 26. Rb1 Ra6 27. Rb2 Kg7 28. Kd3 Kg6 29. g4 Kg5 30. Rb5 Rxa2 31. Rxd5+ Kg6 32. c4 Ra3+ 33. Kc2 Nd2 34. Rb5 Ra2+ 35. Kd3 Ra3+ 36. Kc2 Ra2+ 37. Kc3 Ra3+ 38. Kb4 Rb3+ 39. Kc5 Rc3 40. Rxb7 Rxc4+ 41. Kd5 Rc2 42. f4 Nf1 43. f5+ Kg7 44. g5 Rxe2 45. g6 Rxe1 46. Rxf7+ Kg8 47. f6 Rb1 48. Rxa7 Rb8 49. Rg7+ Kf8 50. Rh7 Rd8+ 51. Ke6 e2 52. Rh8# 1-0

[Event "Fredericia Chess IM 2026"]
[Site "Fredericia"]
[Date "2026.05.17"]
[Round "8.5"]
[White "Loftgaard, Mikkel Vinh"]
[Black "Nilssen, Ellen Fredericia"]
[Result "1-0"]
[WhiteElo "2242"]
[BlackElo "2153"]
[WhiteFideId "1468480"]
[BlackFideId "1441230"]
[EventDate "2026.05.13"]
[EventType "tourn"]
[EventRounds "9"]
[EventCountry "DEN"]
[SourceTitle "Live v. Fredericia Chess Club"]

1. e4 d5 2. exd5 Qxd5 3. Nc3 Qd6 4. d4 Nf6 5. Bc4 a6 6. Nf3 Nc6 7. d5 Ne5 8. Nxe5 Qxe5+ 9. Be3 e6 10. O-O Bd6 11. g3 Qf5 12. Re1 O-O 13. dxe6 Bxe6 14. Bxe6 fxe6 15. f3 Rae8 16. Kg2 Nd7 17. Qe2 Ne5 18. Rf1 Bb4 19. Ne4 Qg6 20. Bd4 Nc6 21. Be3 Ne5 22. Bd4 Nc6 23. Rad1 h5 24. Be3 Ne5 25. Bd4 Nc6 26. Bc5 Rf5 27. Bxb4 Nxb4 28. c4 Ref8 29. a3 Nc6 30. h4 e5 31. Ng5 Nd4 32. Qe4 Qb6 33. b4 a5 34. g4 Rxg5 35. hxg5 axb4 36. Qxe5 Ne6 37. gxh5 Nf4+ 38. Kh1 bxa3 39. g6 Qb2 40. Qxb2 axb2 41. Rf2 Nd3 42. Rfd2 Rd8 43. Kh2 Rd6 44. Rxd3 b1=Q 45. Rxb1 Rd5 46. Rd4 Rxd4 47. Rb2 Rd3 48. Rxb7 Kf8 49. Rb8+ Ke7 50. h6 Rd2+ 51. Kg3 Rd6 52. h7 Rxg6+ 53. Kf2 1-0

[Event "Fredericia Chess IM 2026"]
[Site "Fredericia"]
[Date "2026.05.17"]
[Round "9.1"]
[White "Maerevoet, Sim"]
[Black "Loftgaard, Mikkel Vinh"]
[Result "1-0"]
[WhiteElo "2456"]
[BlackElo "2242"]
[WhiteFideId "241725"]
[BlackFideId "1468480"]
[EventDate "2026.05.13"]
[EventType "tourn"]
[EventRounds "9"]
[EventCountry "DEN"]
[SourceTitle "Live v. Fredericia Chess Club"]

1. d4 Nf6 2. c4 e6 3. Nc3 Bb4 4. Qc2 d5 5. a3 Be7 6. Nf3 O-O 7. Bf4 c5 8. dxc5 Bxc5 9. e3 a6 10. Rd1 Qe7 11. cxd5 Nxd5 12. Rxd5 1-0

[Event "Fredericia Chess IM 2026"]
[Site "Fredericia"]
[Date "2026.05.17"]
[Round "9.2"]
[White "Kistrup, Nicolai"]
[Black "Easwaralingam, Adesh"]
[Result "1-0"]
[WhiteElo "2380"]
[BlackElo "2233"]
[WhiteFideId "1444816"]
[BlackFideId "1448552"]
[EventDate "2026.05.13"]
[EventType "tourn"]
[EventRounds "9"]
[EventCountry "DEN"]
[SourceTitle "Live v. Fredericia Chess Club"]

1. e4 c5 2. Nf3 e6 3. d4 cxd4 4. Nxd4 Nc6 5. Be2 Qc7 6. c4 a6 7. Nc3 Nf6 8. O-O Ne5 9. Be3 d6 10. f4 Ned7 11. g4 Be7 12. g5 Ng8 13. Rc1 b6 14. Bg4 Nf8 1-0

[Event "Fredericia Chess IM 2026"]
[Site "Fredericia"]
[Date "2026.05.17"]
[Round "9.3"]
[White "Boudry, William"]
[Black "Haarh, Simon Bjork"]
[Result "1-0"]
[WhiteElo "2259"]
[BlackElo "2217"]
[WhiteFideId "234990"]
[BlackFideId "1470515"]
[EventDate "2026.05.13"]
[EventType "tourn"]
[EventRounds "9"]
[EventCountry "DEN"]
[SourceTitle "Live v. Fredericia Chess Club"]

1. Nf3 c5 2. g3 d5 3. Bg2 Nc6 4. d4 Nf6 5. O-O Bg4 6. c4 Bxf3 7. Bxf3 Nxd4 8. Bg2 e6 9. Nc3 Be7 10. e3 Nc6 11. cxd5 exd5 12. Nxd5 Nxd5 13. Bxd5 Qc7 14. Qa4 Rc8 15. Rd1 Bf6 16. Bd2 O-O 17. Bc3 Bxc3 18. bxc3 Rfd8 19. Qb5 Na5 20. Rd2 a6 21. Qe2 g6 22. Rad1 Kg7 23. Qg4 Rd6 24. Bxf7 h5 25. Qh3 Rcd8 26. Rxd6 Rxd6 27. Rxd6 Qxd6 28. Qe6 Qxe6 29. Bxe6 Kf6 30. Bd5 b5 31. f4 c4 32. Kf2 1-0